[Event "POL-chT 2nd div South"]
[Site "Polanica Zdroj"]
[Date "1999.??.??"]
[Round "5"]
[White "Walura, Karina"]
[Black "Stec, Ewa"]
[Result "1/2-1/2"]
[WhiteElo "2053"]
[BlackElo "2081"]
[PlyCount "21"]
[EventDate "1999.09.17"]
[EventType "team-swiss"]
[EventRounds "10"]
[EventCountry "POL"]
[SourceTitle "EXT 2001"]
[Source "ChessBase"]
[SourceDate "2000.11.22"]
[SourceVersion "1"]
[SourceVersionDate "2000.11.22"]
[SourceQuality "1"]
[WhiteTeam "POL-chT 2nd div South 26"]
[BlackTeam "POL-chT 2nd div South 27"]
[WhiteTeamCountry "POL"]
[BlackTeamCountry "POL"]

1. e4 c5 2. Nf3 Nc6 3. d4 cxd4 4. Nxd4 Nf6 5. Nc3 a6 6. Be2 e6 7. 0-0 Bb4 8. Qd3 0-0 9. Nxc6 dxc6 10. Bg5 Be7 11. Qxd8 1/2-1/2

[Event "POL-chT 54th"]
[Site "Lubniewice"]
[Date "1998.11.09"]
[Round "9"]
[White "Walura, Karina"]
[Black "Brustman, Agnieszka"]
[Result "0-1"]
[WhiteElo "2045"]
[BlackElo "2380"]
[PlyCount "51"]
[EventDate "1998.11.01"]
[EventType "team-tourn"]
[EventRounds "9"]
[EventCountry "POL"]
[SourceTitle "EXT 2019"]
[Source "ChessBase"]
[SourceDate "2018.10.10"]
[SourceVersion "1"]
[SourceVersionDate "2018.10.10"]
[SourceQuality "1"]
[WhiteTeam "Rzeszow Zelmer"]
[BlackTeam "Warszawa Polonia"]
[WhiteTeamCountry "POL"]
[BlackTeamCountry "POL"]

1. e4 e6 2. d4 d5 3. exd5 exd5 4. Bf4 Bd6 5. Bxd6 Qxd6 6. c3 Nc6 7. Bd3 Nge7 8. Nf3 Bg4 9. 0-0 0-0-0 10. Nbd2 Ng6 11. Qc2 Qf6 12. h3 Bd7 13. Rfe1 Nf4 14. Bf1 g5 15. b4 g4 16. hxg4 Bxg4 17. b5 Ne7 18. Ne5 Rhg8 19. Nxg4 Rxg4 20. g3 Nf5 21. Nf3 Rdg8 22. Ne5 R4g7 23. b6 Nxg3 24. fxg3 Rxg3+ 25. Kf2 Nd3+ 26. Ke2 0-1

[Event "POL-chT 54th"]
[Site "Lubniewice"]
[Date "1998.11.08"]
[Round "8"]
[White "Socko, Monika"]
[Black "Walura, Karina"]
[Result "1-0"]
[WhiteElo "2470"]
[BlackElo "2045"]
[PlyCount "63"]
[EventDate "1998.11.01"]
[EventType "team-tourn"]
[EventRounds "9"]
[EventCountry "POL"]
[SourceTitle "EXT 2019"]
[Source "ChessBase"]
[SourceDate "2018.10.10"]
[SourceVersion "1"]
[SourceVersionDate "2018.10.10"]
[SourceQuality "1"]
[WhiteTeam "Poznan Pocztowiec"]
[BlackTeam "Rzeszow Zelmer"]
[WhiteTeamCountry "POL"]
[BlackTeamCountry "POL"]

1. d4 Nf6 2. Nf3 g6 3. c4 Bg7 4. g3 0-0 5. Bg2 d6 6. 0-0 Nbd7 7. Qc2 c6 8. Rd1 Qc7 9. Nc3 e5 10. b3 Re8 11. e4 b5 12. cxb5 cxb5 13. Ba3 Bb7 14. Rac1 Rac8 15. Qd3 Qb6 16. dxe5 dxe5 17. Qxb5 Bxe4 18. Qxb6 Nxb6 19. Nxe4 Nxe4 20. Rxc8 Rxc8 21. Bb4 f5 22. a4 Re8 23. Bf1 Rb8 24. a5 Nd5 25. Rxd5 Rxb4 26. Bc4 Kf8 27. Rd7 Nc5 28. Rf7+ Kg8 29. Rc7+ Rxc4 30. bxc4 Nb3 31. Re7 e4 32. Ng5 1-0

[Event "POL-chT 54th"]
[Site "Lubniewice"]
[Date "1998.11.03"]
[Round "3"]
[White "Rajlich, Iweta"]
[Black "Walura, Karina"]
[Result "1-0"]
[WhiteElo "2447"]
[BlackElo "2045"]
[PlyCount "65"]
[EventDate "1998.11.01"]
[EventType "team-tourn"]
[EventRounds "9"]
[EventCountry "POL"]
[SourceTitle "EXT 2019"]
[Source "ChessBase"]
[SourceDate "2018.10.10"]
[SourceVersion "1"]
[SourceVersionDate "2018.10.10"]
[SourceQuality "1"]
[WhiteTeam "Gorzow Wielkopolski Stilon"]
[BlackTeam "Rzeszow Zelmer"]
[WhiteTeamCountry "POL"]
[BlackTeamCountry "POL"]

1. Nf3 Nf6 2. c4 g6 3. Nc3 Bg7 4. e4 d6 5. d4 0-0 6. Be2 e5 7. d5 Nbd7 8. Be3 Nc5 9. Nd2 a5 10. a3 a4 11. Bxc5 dxc5 12. Nxa4 Nd7 13. 0-0 f5 14. b4 b6 15. bxc5 Nxc5 16. Nxc5 bxc5 17. Bd3 Rf6 18. Qc2 f4 19. Be2 g5 20. Qd1 Raa6 21. Bg4 Rh6 22. g3 Qe8 23. Rb1 Bxg4 24. Qxg4 Rxa3 25. Rb7 Qd8 26. Rfb1 Ra8 27. Nf3 Rg6 28. R1b3 Qd6 29. Rb8+ Rxb8 30. Rxb8+ Bf8 31. Qf5 h6 32. Rxf8+ Qxf8 33. Qxg6+ 1-0

[Event "Augustow op (Women)"]
[Site "Augustow"]
[Date "1996.??.??"]
[Round "?"]
[White "Kurylonek, K."]
[Black "Walura, Karina"]
[Result "0-1"]
[WhiteElo "1800"]
[BlackElo "2070"]
[PlyCount "62"]
[EventDate "1996.??.??"]
[EventType "swiss"]
[EventRounds "9"]
[EventCountry "POL"]
[SourceTitle "EXT 2003"]
[Source "ChessBase"]
[SourceDate "2002.11.25"]
[SourceVersion "1"]
[SourceVersionDate "2002.11.25"]
[SourceQuality "1"]

1. e4 e5 2. Nc3 Nf6 3. Bc4 Nc6 4. d3 h6 5. f4 exf4 6. Bxf4 Bc5 7. h3 0-0 8. Nf3 Re8 9. Qe2 Nd4 10. Nxd4 Bxd4 11. Be3 Bxe3 12. Qxe3 d5 13. Bb3 d4 14. Qf3 dxc3 15. bxc3 Be6 16. 0-0-0 a5 17. g4 Qd6 18. Rhg1 Qa3+ 19. Kd2 Nh7 20. h4 a4 21. Bxe6 Rxe6 22. g5 Rg6 23. gxh6 Rxh6 24. h5 Qe7 25. Qg4 f6 26. Rg2 Rd8 27. Rdg1 Ng5 28. Qf4 Nxe4+ 29. Kd1 Ng5 30. Kd2 Re8 31. Qxa4 Nf3+ 0-1